givelife Quiz - Statistics

General Stats
  • This quiz has been taken 10 times
  • The average score is 11 of 15
Answer Stats
Question Answer % Correct
finish the song: the - basement
100%
finish the song: creme del cielo
100%
what is givelife's debut album? dizzy
100%
what is givelife's holiday song? season of giving
100%
What is givelife's debut song? Peachy Fever
88%
finish the song: winter solstice
88%
what project gives givelife PTSD Something To Hold On To
88%
/???? @SomethingToHoldOnTo ban
75%
finish the song: Architecture of Limiting
75%
what are givelife's pronouns? they
75%
What is givelife's favorite song? Lovestruck Illusionist
63%
what is givelife's most hated thing? Something To Hold On To
63%
when did givelife escape heaven? Jan 21st 2026
50%
what is Dolphin2048's favorite givelife project Pink Hamsters
38%
who tanked the most? rhys lutz
38%
No matching quizzes found
Score Distribution
Percent of People with Each Score
Percentile by Number Answered
Your Score History
You have not taken this quiz